HBR's 10 Must Reads On Managing Yourself (Record no. 350693)

MARC details
000 -LEADER
fixed length control field 00501nam a2200169Ia 4500
008 - FIXED-LENGTH DATA ELEMENTS--GENERAL INFORMATION
fixed length control field 230718s9999 xx 000 0 und d
020 ## - INTERNATIONAL STANDARD BOOK NUMBER
International Standard Book Number 9781422157992
041 ## - LANGUAGE CODE
Language code of text/sound track or separate title eng
082 ## - DEWEY DECIMAL CLASSIFICATION NUMBER
Classification number 650.1
Item number HAR
100 ## - MAIN ENTRY--PERSONAL NAME
Personal name Harvard Business Review Press
245 ## - TITLE STATEMENT
Title HBR's 10 Must Reads On Managing Yourself
260 ## - PUBLICATION, DISTRIBUTION, ETC. (IMPRINT)
Date of publication, distribution, etc. 2010
Name of publisher, distributor, etc. Harvard Business Review Press
300 ## - PHYSICAL DESCRIPTION
Extent 198
365 ## - TRADE PRICE
Currency code Rs.
Price amount 750.00
700 ## - ADDED ENTRY--PERSONAL NAME
Personal name Harvard Business Review Press
906 ## - LOCAL DATA ELEMENT F, LDF (RLIN)
d O:0679609-Dec-2019B:08927-Nov-2019
c GENRL
b 187.5
Holdings
Withdrawn status Lost status Damaged status Not for loan Home library Current library Date acquired Vendor Budget Code Cost, normal purchase price Bill number Total Checkouts Full call number Barcode Date last seen Date last checked out Discount Cost, replacement price Bill Date Koha item type Original Barcode
        Cummins College of Engineering for Women Pune Cummins College of Engineering for Women Pune 09/12/2019 Shiv Book Center GENRL 562.50 89 5 650.1 CCEP-BK-61900 24/09/2024 10/09/2024 187.5 750.00 27/11/2019 Books 061900